000 007260000a22001570004500
090 _aT Se596h
001 5211
100 1 _aSenteler, Magdalena
245 1 0 _aHacia una etnoeducación bíblica productiva y contemporánea para los ticuna de Colombia / Magdalena Senteler
260 _amedellín, Colombia
300 _aPag 98
500 _aTesis (licenciatura)--Seminario bíblico de Colombia
502 _aPresidente del jurado: Donaldo Sendek; Jurado: Marcos Wittig; Jurado: Saskia Donner
520 _a- Una definición de una meta principal en la etnoeducación Bíblica - Principios básicos educativos entre los Ticuna en Colombia - Una enseñanza Bíblica productiva y contemporánea entre los Ticuna
942 _cBK
999 _c35639
_d35639